A demokrácia-export ideológiája és gyakorlata az amerikai külpolitikában a kilencvenes évektől napjainkig

Bibliográfiai részletek
Szerző: Birinyi Anita
További közreműködők: Gyene Dr. Pál
Dokumentumtípus: Diplomadolgozat
Kulcsszavak:Demokráciaexport
Amerika
Közel-Kelet
Külpolitika
Online Access:http://dolgozattar.uni-bge.hu/20998

MARC

LEADER 00000nta a2200000 i 4500
001 dolg20998
005 20200414140252.0
008 190510suuuu hu om 000 hun d
040 |a BGE Dolgozattár Repozitórium  |b hun 
041 |a hu 
100 1 |a Birinyi Anita 
245 1 2 |a A demokrácia-export ideológiája és gyakorlata az amerikai külpolitikában a kilencvenes évektől napjainkig  |c Birinyi Anita  |h [elektronikus dokumentum] 
695 |a Demokráciaexport 
695 |a Amerika 
695 |a Közel-Kelet 
695 |a Külpolitika 
700 1 |a Gyene Dr. Pál  |e ths 
856 4 0 |u http://dolgozattar.uni-bge.hu/20998/1/Birinyi%20Anita%20szakdolgozat%202019.pdf  |z Dokumentum-elérés